| 000 | 00462nam a22001697a 4500 | ||
|---|---|---|---|
| 003 | NUST | ||
| 005 | 20220818151732.0 | ||
| 008 | 220818b ||||| |||| 00| 0 eng d | ||
| 020 | _a9781937707378 | ||
| 038 | _aAzhar | ||
| 082 |
_a650.0711 _bSHI |
||
| 100 |
_aShinewald, Jeremy _998076 |
||
| 245 |
_aComplete start-to-finish MBA admissions guide _cJeremy Shinewald |
||
| 260 |
_aNew York _bManhattan Prep Publishing _c2013 |
||
| 300 | _a300p | ||
| 942 |
_2ddc _cLC |
||
| 999 |
_c591227 _d591227 |
||